Título noveno de la Constitución española, Ley Orgánica, normas complementarias, acuerdos y otras disposiciones referentes al Tribunal Constitucional : (Record no. 6153)

MARC details
000 -LEADER
campo de control de longitud fija 00832nam a2200193 i 4500
001 - NÚMERO DE CONTROL
campo de control 6153
003 - IDENTIFICADOR DE NÚMERO DE CONTROL
campo de control ES-MaACL
005 - FECHA Y HORA DE LA ÚLTIMA TRANSACCIÓN
campo de control 20230906144819.0
008 - DATOS DE LONGITUD FIJA--INFORMACIÓN GENERAL
campo de control de longitud fija 890821s1988 sp ||||1| spa d
080 ## - NÚMERO DE LA CLASIFICACIÓN DECIMAL UNIVERSAL
Número de la Clasificación Decimal Universal 342.565.2(460)
245 10 - MENCIÓN DEL TÍTULO
Título Título noveno de la Constitución española, Ley Orgánica, normas complementarias, acuerdos y otras disposiciones referentes al Tribunal Constitucional :
Resto del título publicadas por el Boletín Oficial del Estado en Madrid hasta junio de MCMLXXXVIII.
260 ## - PUBLICACIÓN, DISTRIBUCIÓN, ETC.
Lugar de publicación, distribución, etc. Madrid :
Nombre del editor, distribuidor, etc. [Tribunal Constitucional],
Fecha de publicación, distribución, etc. [1988]
300 ## - DESCRIPCIÓN FÍSICA
Extensión 143 p. ;
Dimensiones 24 cm.
500 ## - NOTA GENERAL
Nota general Cuadros estadísticos.
610 1# - PUNTO DE ACCESO ADICIONAL DE MATERIA--NOMBRE DE ENTIDAD CORPORATIVA
Nombre de entidad corporativa o nombre de jurisdicción como elemento de entrada España.
Unidad subordinada Tribunal Constitucional.
9 (RLIN) 4001
710 1# - ENTRADA AGREGADA--NOMBRE DE ENTIDAD CORPORATIVA
Nombre de entidad corporativa o nombre de jurisdicción como elemento de entrada España.
Título de la obra Ley Orgánica del Tribunal Constitucional, 1979.
9 (RLIN) 173849
710 1# - ENTRADA AGREGADA--NOMBRE DE ENTIDAD CORPORATIVA
Nombre de entidad corporativa o nombre de jurisdicción como elemento de entrada España.
Unidad subordinada Tribunal Constitucional.
9 (RLIN) 4001
852 4# - LOCALIZACIÓN
Ubicación ES-MaACL
Número de control de estantería L-13359
Holdings
Estatus retirado Estado de pérdida Estado de daño No para préstamo Biblioteca de origen Biblioteca actual Ubicación en estantería Fecha de adquisición Fuente de adquisición Total de préstamos Signatura topográfica completa Código de barras Visto por última vez Precio de reemplazo Tipo de ítem Koha
        Biblioteca del Ateneo de Madrid Biblioteca del Ateneo de Madrid Depósito 2 17/01/2008     L-13359 1006262 23/02/2023 23/02/2023 Libro impreso